[Event "Dubai op"]
[Site "Dubai"]
[Date "2001.04.19"]
[Round "5"]
[White "Anastasian, Ashot"]
[Black "Fedorov, Alexei"]
[Result "0-1"]
[WhiteElo "2574"]
[BlackElo "2590"]
[Annotator "Hazai,L"]
[PlyCount "60"]
[EventDate "2001.04.15"]
[EventType "swiss"]
[EventRounds "9"]
[EventCountry "UAE"]
[SourceTitle "CBM 083"]
[Source "ChessBase"]
[SourceDate "2001.07.05"]
[SourceVersion "1"]
[SourceVersionDate "2001.07.05"]
[SourceQuality "1"]

1. Nf3 Nf6 2. c4 g6 3. b4 Bg7 4. Bb2 O-O 5. e3 d6 6. d4 e5 {Now the play may
lead to King's Indian Attack positions with revised colours. However this
setup cannot pose any problem for Black from the opening's view.} (6... b6 {
- Kovacevic-Tukmakov, Solin 1999 CBM 75.}) 7. Nc3 {This continuation is not
among the best. The development of the >> was more important.} (7. Be2 {
is more to the point.}) (7. dxe5 {is another normal move, both are analysed in
the game mentioned before.}) (7. b5 {is also met by} exd4 {and now White has a
difficult choice how to take back on d4.} 8. Bxd4 c5 9. Bb2 Be6 10. Nbd2 Qe7 (
10... Nbd7 11. Be2 Qe7 12. O-O Rfe8 13. Qb3 Nb6 14. a4 a5 15. bxa6 Rxa6 16. a5
Nc8 17. Bc3 Na7 18. Ng5 Bf5 19. Bf3 Nc6 $13 {Kaenel-Gallagher, SUI 1999}) 11.
Be2 h6 12. O-O Nbd7 13. Qc2 Rfe8 $13 {Kaenel-Gallagher, Pontresina 2000}) 7...
exd4 $1 {This is the consistant reply.} (7... e4 8. Nd2 {leads to typical
King's Indian Attack positions with an extra tempo, although the b4 P can be a
problem in case of 0-0-0 and the B on b2 is not always better than on c1 in
case of 0-0.} Qe7 (8... Re8 9. Be2 (9. Qc2 $5) 9... h5 (9... Qe7 {- 8...Qe7})
10. O-O (10. h3 $5 {/\ g4}) 10... Nbd7 11. Qc2 (11. a4 $5 {/\ b5, a5 advancing
the << pawns.}) 11... Qe7 12. Rae1 {/\ f3} Nf8 13. f3 exf3 14. Bxf3 c6 15. b5
Bd7 16. bxc6 bxc6 17. e4 Ng4 $13 {Sarmiento Alfonso-Reyes, Santa Cruz 1995}) 9.
Be2 Re8 10. a4 a5 11. b5 b6 12. Qc2 $14 {and White's position is very flexible
regarding his K, Steffens-Duerlich, Strelasund 1998.}) 8. Nxd4 $6 {Now we see
the drawback of b4, the << is rather weakened.} (8. exd4 {allows Black an easy
equalization, but certainly not more than that.} Re8+ (8... d5 9. c5) 9. Be2
Nh5 (9... d5 10. c5) 10. O-O Nf4 $11) 8... Nc6 {Other replies are annoying,
too:} (8... c5 9. bxc5 dxc5 10. Ndb5 Nc6 11. Be2 Be6 12. O-O Nd7 $13 {
Ledger-Hebden, Isle of Man 1997}) (8... a5 9. b5 {weakening >< c5, where Black
can build up a stronghold for his N.} Nbd7 10. Be2 Nc5 11. O-O Re8 12. Qc2 Nce4
13. Rac1 Nxc3 14. Bxc3 Ne4 $11 {Melich-Mindl, CZE 1996}) 9. Nxc6 $6 {After
this Black has additional possibilities on the b <-> attacking >< b4.} (9. a3 {
was more solid holding the position yet.} a5 10. b5 {>< c5 is weakened again,
but at least White can finish his development without any delay.} Nxd4 11. Qxd4
Nd7 12. Qd2 Nc5 13. Nd5 Be6 14. Bxg7 Kxg7 15. Qb2+ f6 $11 {Weber-Kwatschewsky,
Vienna 1998}) 9... bxc6 10. Be2 {Now it is not easy to give a good advice.} (
10. Qa4 Bd7 11. Qa3 (11. Qa5 Ne4 $36) 11... Ng4 {attacks the unguarded >>.} 12.
Be2 Qh4 13. g3 Qh3 14. Bf1 Qh5 $36 {and the Q on a3 is out of play.}) 10... Rb8
11. a3 (11. Qa4 c5 $36) 11... a5 12. b5 d5 $1 {[%mdl 1] Now Black grabs the |^
in the [+], White's strategy is in ruins.} 13. cxd5 $6 {This opens up the
position with his K in the middle and without finishing the development.
Anastasian is a really strong player, so this game he played in an extremely
bad form!} (13. Ra2 $6 cxb5 14. cxb5 Be6 15. Ra1 Ne4 $36) (13. Qc1 dxc4 14.
Bxc4 Ng4 $36) 13... Nxd5 14. Nxd5 Bxb2 15. Ra2 (15. Rb1 Bxa3 $17) 15... Qxd5
16. Qxd5 {The _|_ is clearly better for Black anyway:} (16. Rxb2 Qxd1+ 17. Kxd1
cxb5 18. Rxb5 Ba6 19. Rxb8 Rxb8 $17 {and White cannot finish his development
yet!}) 16... Bc3+ $1 {This important intermediate move wins material for Black.
} 17. Qd2 Bxd2+ 18. Kxd2 Rd8+ 19. Kc1 cxb5 $17 {Black is a healthy P up, and
holds the |^ as well.} 20. Rc2 Bf5 $1 {giving back the material for
development.} 21. Rxc7 (21. Rc5 b4) 21... Rdc8 22. Rxc8+ Rxc8+ 23. Kd1 b4 {
Black's remote o^ will decide the battle.} 24. axb4 axb4 25. f3 (25. g4 Bc2+
26. Kd2 b3 $19) 25... Ra8 {There is no defence against the penetration of the
black R.} 26. Re1 {"Finishing" the development, but it is too late.} Ra1+ 27.
Kd2 Ra2+ 28. Kc1 Rc2+ 29. Kd1 b3 30. e4 Be6 0-1

[Event "Linares 13th"]
[Site "Linares"]
[Date "1995.03.09"]
[Round "7"]
[White "Karpov, Anatoly"]
[Black "Khalifman, Alexander"]
[Result "1-0"]
[WhiteElo "2780"]
[BlackElo "2635"]
[Annotator "Ftacnik,L"]
[PlyCount "81"]
[EventDate "1995.03.01"]
[EventType "tourn"]
[EventRounds "13"]
[EventCountry "ESP"]
[EventCategory "17"]
[SourceTitle "CBM 046"]
[Source "ChessBase"]
[SourceDate "1995.06.01"]
[SourceVersion "1"]
[SourceVersionDate "1995.06.01"]
[SourceQuality "1"]

1. d4 Nf6 2. c4 g6 3. Nf3 Bg7 4. g3 c5 5. Bg2 Qa5+ 6. Nc3 Ne4 7. Bd2 (7. Qd3
cxd4 8. Nxd4 Nc5 9. Qd1 Nc6 10. Be3 Ne6 11. Nxe6 Bxc3+ 12. bxc3 dxe6 13. O-O
$13) 7... Nxd2 8. Qxd2 O-O 9. e3 d6 10. O-O Nc6 11. h3 (11. d5 Ne5 $10) 11...
cxd4 12. Nxd4 Bd7 13. Rfd1 {White can hope for a small advantage only because
his "e" pawn is still on e3. Otherwise would the absence of dark squared
bishop promise small edge to his opponent.} Nxd4 $6 (13... Rfc8 14. b3 a6 15.
Rac1 $13) 14. exd4 Bc6 15. Nd5 (15. Rac1 Bxg2 16. Kxg2 $10) 15... Qd8 (15...
Qxd2 $2 16. Nxe7+ Kh8 17. Rxd2 Bxg2 18. Kxg2 $16) 16. Rac1 Rc8 17. h4 Qd7 18.
b3 Rfd8 19. a4 Bxd5 {Khalifman tries to save the game due to opposite colour
bishops. Karpov is an excellent technician and he manages to make black's life
rather misserable.} (19... b6 20. Nb4 Bxg2 21. Kxg2 Qb7+ (21... a5 22. Nd5 $16)
22. d5 $14) 20. Bxd5 b6 21. a5 e6 (21... b5 22. a6 $16) 22. Bf3 b5 23. d5 $1 {
This is the main point, black will have inferior pawn structure in any
variation.} bxc4 (23... e5 24. cxb5 Qxb5 25. b4 $16) 24. dxe6 Qxe6 (24... fxe6
25. bxc4 $16) 25. bxc4 Qf5 (25... Rxc4 26. Bd5 Rxc1 27. Bxe6 Rxd1+ 28. Qxd1
fxe6 29. Qc1 e5 30. Qc7 $16) 26. Kg2 (26. Bd5 $14) 26... Bf6 27. a6 h5 28. Re1
$6 {Interesting inaccuracy, white could have prevented activisation of both
black's rooks.} (28. Bd5 $142 Rb8 29. Bb7 $16) 28... Rc5 $1 29. Bd5 Rb8 $1 30.
Rc2 Kg7 31. Be4 (31. Re3 Rb1 32. Rf3 Qe5 $132) 31... Qd7 32. Bb7 Qc7 33. Qd3
Rd8 34. Bd5 (34. Rb1 d5 $1) 34... Qa5 35. Rb1 Qxa6 36. Rb7 Rf8 37. Re2 Ra5 $2 (
37... Qa5 38. Re6 $1 Rc7 39. Rxd6 (39. Rxf6 Kxf6 40. Qd4+ Ke7 $17) 39... Rxb7
40. Bxb7 Rd8 41. c5 Rxd6 42. cxd6 $14) 38. Re3 $1 Ra1 39. Rf3 Re1 40. Rxf6 $1
Kxf6 41. Qf3+ (41. Qf3+ Kg7 (41... Ke5 42. Qf4#) 42. Rxf7+ Rxf7 43. Qxf7+ Kh6
44. Qf8+ Kh7 45. Qg8+ Kh6 46. Qh8#) 1-0

[Event "Baku FIDE GP"]
[Site "Baku"]
[Date "2014.10.12"]
[Round "9"]
[White "Mamedyarov, Shakhriyar"]
[Black "Gelfand, Boris"]
[Result "1-0"]
[WhiteElo "2764"]
[BlackElo "2748"]
[Annotator "Marin,M"]
[PlyCount "73"]
[EventDate "2014.10.02"]
[EventType "tourn"]
[EventRounds "11"]
[EventCountry "AZE"]
[EventCategory "21"]
[SourceTitle "CBM 163"]
[Source "ChessBase"]
[SourceDate "2014.11.11"]
[SourceVersion "1"]
[SourceVersionDate "2014.11.11"]
[SourceQuality "1"]

1. d4 Nf6 2. c4 g6 3. Nf3 Bg7 4. e3 {Not really introducing a main line of the
King's Indian (or Grünfeld, whatever Black intended to play in the first place)
, but hardly a bad move. As long as White has more space he can hope for at
least a slight advantage.} ({I find it useful to compare the game variation
with the following KI/BI hybrid which can best be called the Hromadka Indian:} 
4. Nc3 O-O 5. e4 d6 6. Be2 c5 7. d5 e6 {This used to be my main weapon with
Black in the late '80s and the early '90s.} 8. O-O exd5 9. exd5 Re8 {The
position is the same as after 10.exd5 in the main game, but here it is White
to move.} 10. h3 {I will mention with brief comments my latest experince with
this position in order to explain some of the main ideas the way I had
perceived them back in 1983 at the age of 18, when I took up this opening
under the guidance of GM Theodor Ghitescu.} Na6 {That was the age when I had
started to understand the meaning of the basic principles. One should develop
knights and only then bishops. The last move is connected with at least two
ideas, either ...Nb4 hoping to cet to c2-d4 with the support of the
light-squred bishop or ...Nc7 preparing ...b7-b5.} 11. Bg5 h6 12. Be3 Bf5 13.
Qd2 Kh7 14. Bd3 {Since the threat ...Nb4 becomes real, White hurries to
exchange the active black bishop.} Qd7 {Development is a high priority. Rather
than activating the white queen with an exchange on d3, Black connects his
rooks, parrrying the threat of Bxf5.} 15. Rfe1 Be4 {With his development
complete Black can afford to start active operations in the centre.} 16. Nxe4
Nxe4 17. Bxe4 Rxe4 18. Qc2 Rae8 {Bekker Jensen,S (2403)-Marin,M (2555)
Gothenburg 2000 (1/2-1/2, 22). Black is quite active and has solved all the
opening problems.}) 4... O-O 5. Be2 c5 {This is by far not the only way of
attacking the centre, but should be regarded as an entirely satisfactory one.}
({The Grünfeld approach is less effective. With his knight on b1, White can
build up his central space advantage without allowing a knight exchange on c3.
} 5... d5 6. cxd5 Nxd5 7. e4 Nb6 8. O-O Bg4 9. Nbd2 Nc6 10. d5 Nb8 11. a4 c6
12. a5 N6d7 13. h3 Bxf3 14. Nxf3 Nf6 15. Qb3 Qc8 16. Bg5 (16. dxc6 $5 Nxc6 17.
Ra4 $14) 16... Nxe4 17. Bxe7 Re8 18. d6 Nxd6 19. Bxd6 Rxe2 20. Ng5 Qd7 $2 (
20... Qe8 21. Qxb7 Nd7 $14) 21. Rae1 $18 {Grischuk,A (2785)-Nepomniachtchi,I 
(2717) Riga 2013 (1-0, 44)}) ({The classical King's Indian setup is entirely
viable, though:} 5... d6 6. Nc3 Nbd7 7. O-O e5 8. Qc2 Re8 9. Rd1 e4 10. Nd2 Qe7
11. b4 Nf8 12. Bb2 h5 13. Rac1 Bf5 14. Nb3 N8h7 15. d5 $13 {Grischuk,A (2785)
-Caruana,F (2779) Paris FIDE GP 2013 (4) 1/2}) 6. d5 d6 7. O-O e6 8. Nc3 {
This e2-e3 variation against the Benoni, which can arise via the Symmetrical
English move order, too, has more venom than one might suspect at a brief
glance. The absence of an early target on e4 causes Black some problems
organising his counterplay.} Re8 $5 {By delaying the exchange on d5 Black
intends to deprive the white king's knight of the c4-square.} (8... exd5 9.
cxd5 {Morozevich,A (2758)-Kramnik,V (2769) World Championship 2007 (9) 1-0}) 9.
e4 ({The main idea behind Black's last move can be seen after} 9. Nd2 Na6 {
When the desirable Nd2-c4 is impossible.} 10. dxe6 {Rather harmless.} Bxe6 11.
e4 Nb4 12. Nb3 Nc6 13. Bf4 Nd4 $11 {Svidler,P (2751)-Gelfand,B (2753)
Jerusalem 2014 (1/2-1/2, 33)}) (9. Re1 {Pinter,J (2553)-Chernin,A (2583)
Budapest zt 1.4 2000 (7) 1/2}) 9... exd5 10. exd5 {The game has reached the
Hromadka tabiya mentioned above, but with an extra tempo for Black! It is
instructive to notice that this tempo may become irrelevant if Black does not
use it properly.} Bf5 {With an extra tempo, more than one move should be
viable in this position. But frankly speaking I find the last move the least
effective of them.} (10... Ne4 11. Nxe4 Rxe4 12. Bd3 Re8 13. Bg5 Qb6 14. Re1
Bd7 15. Nd2 f5 16. Nf3 Na6 17. Be7 Nb4 18. Bg5 Na6 19. Be7 Nb4 20. Bg5 Na6 21.
Be7 Nb4 {Vyzmanavin,A (2470)-Mikhalchishin,A (2480) Lvov 1984 (1/2-1/2, 21)}) (
{Personally, I would stick to what I learned as a teen-ager:} 10... Na6 11. Be3
(11. Bf4 Ne4) (11. h3 Bf5 12. Bd3 Qd7) (11. Bg5 h6) 11... Nc7 ({I would play} 
11... Bf5 $5 12. Bd3 Qd7) 12. a4 $6 {An absolutely unnecessary weakening of
the queenside, since ...b7-b5 was not a threat yet.} Na6 13. Qd2 Nb4 {Tejero
Royo,F (2198)-Hamdouchi,H (2522) Seville 2002 (0-1, 62)}) 11. Bd3 $146 {
A logical novelty. Black is not prepared for maintaining the tension so this
is a good moment to exchange the active bishop.} (11. Nh4 Bd7 12. Nf3 Na6 13.
Bd3 Rb8 14. Bf4 Qb6 15. Qd2 Nh5 {1/2-1/2 Matsuura,E (2482)-Bittencourt,J (2471)
Rio de Janeiro 2009}) 11... Bxd3 (11... Qd7 12. Bf4 {more or less forces Black
giving up the tension anyway due to the pressure against the d6-pawn.} Bxd3 13.
Qxd3 Na6 14. Rfe1 {[%csl Gd6] Since sooner or later he would have to take on
d3 anyway, Gelfand prefers doing it at a moment when the seemingly flexible ...
Nbd7 is possible. But the game will prove that this setup is rather passive
for Black, so Gelfand's early middlegame play is at least questionable.}) 12.
Qxd3 Nbd7 13. Bf4 Qb6 14. b3 a6 $6 {This move fails to create a realistic
threat of ...b7-b5 and finally leaves Black struggling in a passive and
one-sided position.} ({It is hard to explain why he refrained from the natural
} 14... Ng4 $5 {, aimed at neutralising the bishop's pressure on d6.} 15. Rae1
Rxe1 16. Rxe1 Nge5 17. Nxe5 Nxe5 18. Qd2 {White threatens h2-h3 followed by
Bh6 and f4 with attacking chances, but Black can try} f5 $5 {True, the
weakness of the e6-square is a bit scary, but there is no easy way for White
to drive the e5-knight away, for instance:} 19. Bh6 (19. Bg5 Nf7 {[%csl Gc3]})
19... Bxh6 20. Qxh6 Qa5 21. Qd2 f4 $1 {[%csl Rc3,Ge5]}) 15. h3 $1 {Preventing .
..Ng4 and clearing the h2-square for the bishop for the case Black plays the
other possible freeing manoeuvre, ...Nh5.} (15. Rae1 Nh5 16. Bd2 Ne5 17. Nxe5
Bxe5 {would free Black's position.}) 15... Re7 {Doubling rooks is just an
attempt to simplify the position to a passive, but probably defensible ending,
rather than a display of activity.} 16. Rae1 Rae8 17. Rxe7 $1 {A classical
principle when playing for a stable advantage is to exchange one rook in order
to avoid Black's counterplay and keep the other to retain enough winning
chances.} Rxe7 18. g4 Qc7 19. Kg2 Qb8 (19... h5 {plays into White's hands.} 20.
g5 Ne8 21. a4 Ne5 22. Nxe5 Bxe5 23. Bxe5 Rxe5 24. f4 Re7 25. f5 $1 (25. Ne4 Ng7
26. Nf6+ Kf8 {[%cal Gg7f5]} 27. f5 $5 {does not offer more than a draw by
perpetual} Nxf5 28. Rxf5 gxf5 29. Qxf5 {Black is under some pressure, but the
maximum what White can achieve is a perpetual with Nh7-f6.}) 25... Re5 26. Ne4
$36) 20. a3 $1 {After gaining a lot of space in the centre and on the kingside,
White starts active operations on the queenside. Black cannot organise the
counterplay with ...b7-b5 and cannot prevent b3-b4 either.} Re8 21. b4 Bf8 22.
Rb1 Qd8 23. b5 $1 {The exchange only would only activate the black knight, so
gaining more space is the best plan on this wing.} a5 {The opening of the
b-file would be too dangerous. But in the endgame Black will be in some danger
due to his numerous queenside pawns placed on dark squares.} 24. Bh2 Nb6 {
This knight is the only active black piece, obviously not enough to compensate
for the other positional problems.} 25. g5 $5 {White has an overwhelming space
advantage in all the sectors of the board, but the position is not winning by
itself. Now or later White needs starting active operations.} Nh5 26. Ne4 h6 $2
{A careless move, putting Black in a critical position after White's strong
reply.} ({Black should have prepared ...h7-h6 with} 26... Nc8 $5 {[%csl Gd6]
[%cal Gh7h6] over-protecting d6.}) 27. gxh6 $3 {Apparently an anti-positional
move. Indeed, if Black could retrieve this pawn his kingside position would
look promising, but Mamedyarov perceived the hidden dynamic nuances very well.
I would add that this is the first typical Mamedyarov move in the whole game.
So far he has played in solid positional style, but with the first given
opportunity he switches into attacking mode.} Nf6 $2 {This only speeds up the
defeat.} (27... f5 28. h7+ Kxh7 29. Neg5+ Kg8 30. Ne6 $16) ({Quite possibly,
Gelfand had planned} 27... Nc8 {when defending the h6-pawn looks impossible.
Since the e4-knight is hanging, White's only attempt to keep the pawn would be}
28. Qe3 {but is this not losing a piece to} f5 {? It turns out it does not do
so due to} 29. h7+ $1 Kh8 30. Neg5 $1 Rxe3 31. Nf7+ Kxh7 32. Nxd8 Re7 33. Ng5+
Kg8 34. Nge6 $16) 28. Nfg5 Bxh6 (28... Nc8 29. Nxf7 $1 Kxf7 30. Ng5+ Ke7 (30...
Kg8 31. Qxg6+ Kh8 32. Nf7#) 31. Qxg6 Kd7 {The computer gives many winning
lines from the range +10.00 or more. Over the board I would choose} 32. h7 {
and even though this would yield less than +4.00 it would be good enough to
retrieve the piece and continue the game with two extra pawns and a persistent
attack.}) (28... Nh7 29. Qc3 Na4 30. Qa1 $18) 29. Nxf6+ (29. Nxf7 $5 Kxf7 30.
Nxd6+ Kg7 31. Nxe8+ Qxe8 32. Rb2 $18 {[%cal Gb2e2]}) 29... Qxf6 30. Ne4 Qf5 31.
Re1 $18 {[%cal Ge4f6,Gh2d6]} Nd7 32. Bxd6 {White has won an essential pawn and
retains the initiative. With a bit of accuracy this should be enough to win.}
Bg7 33. Re2 Bd4 34. Bc7 a4 35. b6 Kg7 36. Qf3 Bb2 37. Bf4 {[%cal Ge4d6]} (37.
Bf4 Be5 (37... Re7 38. Ng3 Qf6 39. Qg4 Kf8 40. Bg5 $18) 38. Ng3 Qf6 39. Qg4 Qd8
40. Nf5+ Kh7 41. Nh6 Kg7 (41... Rf8 42. Nxf7 Rxf7 43. Bxe5) 42. Bxe5+ Nxe5 43.
Qf4 $18) 1-0